000 00960cam a22003257a 4500
001 000092600
003 CHAP
005 20220329142855.0
008 041124d1999 mx r 00110 spa d
010 _a89066
011 _a90038
035 _a100594
040 _cCHAP
090 _aFolleto 16791
110 2 _aUACH. Biblioteca Central
_9115820
245 1 0 _a3er. Aniversario del mural de la Biblioteca Central /
_cpor UACH.
260 _aChapingo, Méx. :
_bLa Universidad,
_c1999.
300 _a12 p. :
_bilus.
590 _aBATCH-UPD
_b10
_c20130410
_lUCH01
_h1643
590 _aBATCH-UPD
_b10
_c20130914
_lUCH01
_h1914
590 _aCONVERSION
_b10
_c20130109
_lUCH01
_h1349
590 _aE5995AHE
_b05
_c20150216
_lUCH01
_h1018
650 1 4 _aPintura mural
_xMéxico (Edo.)
_988315
650 1 4 _aUACH
_9115798
901 _aBK
905 _aElisama A. H.
942 _cFOLL
942 _n0
949 _aFolleto 16791
_bBC
_cUACH
_d100594
_eUACH
_i100594
_sb
999 _c89066
_d89066